Jak měřit vyspělost. Ukazatel "lidského rozvoje".

Ukazovateľ hrubého spoločenského produktu (GNP) na jedného obyvateľa má kontraverznú vypovedaciu schopnosť, najmä pokiaľ ide o priestorové medzinárodné porovnávanie. Zpráva OSN o svetovom ľudskom rozvoji odporúča nahradiť GNP ukazovateľom ľudského rozvoja, ktorý syntetizuje tri hľadiská: nádej na do...

Descrizione completa

Salvato in:
Dettagli Bibliografici
Autore principale: Texler, J.
Natura: Capitolo di libro
Lingua:ceco
Soggetti:
Tags: Aggiungi Tag
Nessun Tag, puoi essere il primo ad aggiungerne!!

MARC

LEADER 00000naa a2200000 4500
001 r002199
005 20221125080024.2
041 0 |a cze 
044 |a [CS] 
245 1 0 |a Jak měřit vyspělost. Ukazatel "lidského rozvoje".  |c J. Texler 
520 |a Ukazovateľ hrubého spoločenského produktu (GNP) na jedného obyvateľa má kontraverznú vypovedaciu schopnosť, najmä pokiaľ ide o priestorové medzinárodné porovnávanie. Zpráva OSN o svetovom ľudskom rozvoji odporúča nahradiť GNP ukazovateľom ľudského rozvoja, ktorý syntetizuje tri hľadiská: nádej na dožitie určitého veku, alfabetizáciu a reálnu kúpnu silu obyvateľstva. 
610 2 0 |a produkt hrubý 
610 2 0 |a rozvoj sociálny 
610 2 0 |a činiteľ ľudský 
610 2 0 |a spotreba obyvateľstva 
610 2 0 |a úroveň životná 
610 2 0 |a ukazovatele ekonomické 
610 2 0 |a ukazovatele sociálne 
100 1 |a Texler, J.